Seres del futuro: de la fecundación in vitro a los clónicos y transgénicos
保存先:
| 第一著者: | |
|---|---|
| フォーマット: | 図書 |
| 言語: | スペイン語 |
| 出版事項: |
Madrid
Ediciones Libertarias
2000
|
| シリーズ: | Colección Mundo Vivo
|
| 主題: | |
| タグ: |
タグ追加
タグなし, このレコードへの初めてのタグを付けませんか!
|
MARC
| LEADER | 00000cam a2200000 a 4500 | ||
|---|---|---|---|
| 001 | UCF6955 | ||
| 003 | CL-VaPUC | ||
| 008 | 130530e20000400SP |||||||||||||||||spa|d | ||
| 020 | |a 8479545704 | ||
| 082 | 0 | 4 | |a 581.15 |b ESP |2 21 |
| 100 | 0 | |a Esponda, Pedro |e author |9 568923 | |
| 245 | 1 | 0 | |a Seres del futuro: de la fecundación in vitro a los clónicos y transgénicos |
| 300 | |a 157 p | ||
| 942 | |c BK | ||
| 945 | |d 20130530 00:00:00 |a dcastane | ||
| 260 | |a Madrid |b Ediciones Libertarias |c 2000 | ||
| 650 | 0 | |a Genética |9 259443 | |
| 650 | 0 | |a Herencia |9 256325 | |
| 650 | 7 | |a LEYES DE MENDEL |2 CL-VaPUC |9 393004 | |
| 650 | 0 | |a Genética vegetal |9 264341 | |
| 650 | 0 | |a Fecundación in vitro |9 309862 | |
| 650 | 7 | |a FECUNDACION ARTIFICIAL |2 CL-VaPUC |9 393005 | |
| 583 | |a last modification |c 20130530 09:49:00 |k Rodrigo Vera | ||
| 490 | 0 | |a Colección Mundo Vivo | |
| 999 | |c 351938 |d 351936 | ||